Dovolenka zamestnanca vo verejnej správe
Zamestnancami v oblasti verejnej správy sú zamestnanci vykonávajúci prácu v subjektoch verejnej správy, územnej samosprávy a štátnej správy. Dovolenku na zotavenie pre týchto zamestnancov legislatívne upravuje Zákonník práce s osobitosťami v jej výmere, ktoré obsahujú kolektívne zmluvy vyššieho stup...
Enregistré dans:
| Auteur principal: | |
|---|---|
| Format: | Chapitre de livre |
| Langue: | slovaque |
| Sujets: | |
| Tags: |
Pas de tags, Soyez le premier à ajouter un tag!
|
MARC
| LEADER | 00000naa a2200000 4500 | ||
|---|---|---|---|
| 001 | 0302830 | ||
| 005 | 20240626083351.7 | ||
| 041 | 0 | |a slo | |
| 044 | |a SK | ||
| 245 | 1 | 0 | |a Dovolenka zamestnanca vo verejnej správe |c Zuzana Cingelová |
| 520 | |a Zamestnancami v oblasti verejnej správy sú zamestnanci vykonávajúci prácu v subjektoch verejnej správy, územnej samosprávy a štátnej správy. Dovolenku na zotavenie pre týchto zamestnancov legislatívne upravuje Zákonník práce s osobitosťami v jej výmere, ktoré obsahujú kolektívne zmluvy vyššieho stupňa. | ||
| 610 | 2 | 0 | |a správa verejná |
| 610 | 2 | 0 | |a zamestnanci |
| 610 | 2 | 0 | |a dovolenka |
| 610 | 2 | 0 | |a právo pracovné |
| 610 | 2 | 0 | |a pomer pracovný |
| 610 | 2 | 0 | |a zákonník práce |
| 610 | 2 | 0 | |a zmluvy kolektívne |
| 100 | 1 | |a Cingelová, Zuzana | |